Sanat - "Sateenkaaren päässä" - Statistics

Yleistilastot
  • Tätä visaa on pelattu 10 kertaa
  • Keskiarvotulos 63 / 75
Vastaustilastot
Vastaus % Oikein
jälkeen
100%
jos
100%
jos
100%
jos
100%
katsomaan
100%
myöskin
100%
nähdä
100%
100%
100%
100%
Sateen
100%
silloin
100%
silloin
100%
taivahalle
100%
voi
100%
voit
100%
aarre
86%
aarrettakin
86%
aarteen
86%
enemmän
86%
etsimässä
86%
hän
86%
hyvän
86%
jäät
86%
ken
86%
löydät
86%
löytää
86%
löytänyt
86%
matkallasi
86%
moni
86%
Mutta
86%
mutta
86%
myös
86%
myöskin
86%
on
86%
oot
86%
oudon
86%
pää
86%
pään
86%
päässä
86%
saa
86%
sateenkaaren
86%
sateenkaaren
86%
sateenkaaren
86%
sateenkaari
86%
siellä
86%
sitä
86%
suunnaton
86%
taivaltaa
86%
tuon
86%
värikkäät
86%
ystävän
86%
auringolle
71%
aurinkoa
71%
eikä
71%
hymyää
71%
jäädä
71%
kauan
71%
Kertoo
71%
kun
71%
lähdet
71%
lepyttää
71%
löytymättä
71%
matkaan
71%
mene
71%
muista
71%
nauhat
71%
nytkin
71%
päivä
71%
tää
71%
taas
71%
tarkoitettu
71%
taru
71%
vanha
71%
jälleen
57%
Ehtoja vastaavia visoja ei löytynyt
Tulosjakauma
Jokaisen tuloksen saaneiden osuus
Persentiili vastausten määrän mukaan
Tuloshistoriasi
Et ole pelannut tätä visaa